[Event "SVK-chT3B2 1819"]
[Site "Slovakia"]
[Date "2019.02.10"]
[Round "7.4"]
[White "Kostelansky, Karol"]
[Black "Brlej, Simon"]
[Result "1-0"]
[WhiteElo "1684"]
[BlackElo "1666"]
[PlyCount "83"]
[EventDate "2018.10.21"]
[EventType "team-tourn"]
[EventRounds "11"]
[EventCountry "SVK"]
[SourceTitle "CBM 189 Extra"]
[Source "ChessBase"]
[SourceDate "2019.05.31"]
[SourceVersion "1"]
[SourceVersionDate "2019.05.31"]
[SourceQuality "1"]
[WhiteTeam "Povazske Podhradie "]
[BlackTeam "Trencin "]
[WhiteTeamCountry "SVK"]
[BlackTeamCountry "SVK"]

1. e4 e5 2. Nf3 Nc6 3. c3 d5 4. Qa4 Qd6 5. d4 Bd7 6. Bb5 exd4 7. Nxd4 Nxd4 8. Bxd7+ Qxd7 9. Qxd4 Nf6 10. e5 Ne4 11. Be3 Bc5 12. Qd3 Bxe3 13. Qxe3 Qb5 14. Qe2 Qxe2+ 15. Kxe2 0-0-0 16. Nd2 Nxd2 17. Kxd2 Rde8 18. Rae1 Re6 19. Re2 Rhe8 20. Rhe1 Rh6 21. h3 Ree6 22. Kd3 Kd7 23. Re3 c5 24. f4 f5 25. exf6 Rhxf6 26. Rxe6 Rxe6 27. Rxe6 Kxe6 28. g4 b5 29. b4 cxb4 30. cxb4 g6 31. Kd4 a6 32. a3 h5 33. Kc5 h4 34. Kd4 Kd6 35. f5 g5 36. f6 Ke6 37. f7 Kxf7 38. Kxd5 Kf6 39. Kd6 Kf7 40. Ke5 Kg6 41. Ke6 Kh6 42. Kf6 1-0

[Event "SVK-chT3B2 1718"]
[Site "Slovakia"]
[Date "2018.03.04"]
[Round "10.6"]
[White "Huserka, Frantisek"]
[Black "Brlej, Simon"]
[Result "0-1"]
[WhiteElo "1479"]
[BlackElo "1574"]
[PlyCount "64"]
[EventDate "2017.10.08"]
[EventType "team-tourn"]
[EventRounds "11"]
[EventCountry "SVK"]
[SourceTitle "EXT 2020"]
[Source "ChessBase"]
[SourceDate "2019.10.17"]
[SourceVersion "1"]
[SourceVersionDate "2019.10.17"]
[SourceQuality "1"]
[WhiteTeam "Nemsova Horne Srnie"]
[BlackTeam "Trencin II"]
[WhiteTeamCountry "SVK"]
[BlackTeamCountry "SVK"]

1. e4 e5 2. Nf3 Nc6 3. Bb5 a6 4. Bxc6 dxc6 5. d4 exd4 6. Qxd4 Qxd4 7. Nxd4 Bc5 8. Be3 Nf6 9. f3 Bd7 10. c3 0-0-0 11. b4 Ba7 12. 0-0 Rhe8 13. Nc2 Bxe3+ 14. Nxe3 Nd5 15. Re1 Nxe3 16. Rxe3 Be6 17. Kf2 Rd1 18. Re1 Red8 19. a4 Bb3 20. a5 Rxe1 21. Kxe1 Rd1+ 22. Ke2 Bc2 23. Ra2 Bxb1 24. Ra1 Rg1 25. Kf2 Rh1 26. h3 Kd7 27. Kg3 Rd1 28. Kg4 Bc2 29. Rxd1+ Bxd1 30. e5 b6 31. h4 bxa5 32. bxa5 Ke6 0-1

[Event "SVK-chT3B2 1718"]
[Site "Slovakia"]
[Date "2018.01.21"]
[Round "8.5"]
[White "Brlej, Simon"]
[Black "Kutny, Marian1"]
[Result "1-0"]
[WhiteElo "1574"]
[BlackElo "1529"]
[PlyCount "65"]
[EventDate "2017.10.08"]
[EventType "team-tourn"]
[EventRounds "11"]
[EventCountry "SVK"]
[SourceTitle "EXT 2019"]
[Source "ChessBase"]
[SourceDate "2018.10.10"]
[SourceVersion "1"]
[SourceVersionDate "2018.10.10"]
[SourceQuality "1"]
[WhiteTeam "Trencin II"]
[BlackTeam "Belusa"]
[WhiteTeamCountry "SVK"]
[BlackTeamCountry "SVK"]

1. e4 g6 2. d4 Bg7 3. Nf3 c6 4. c3 d6 5. Bc4 d5 6. exd5 cxd5 7. Bb3 Nc6 8. 0-0 Nf6 9. Re1 0-0 10. Nbd2 Bg4 11. h3 Bf5 12. Nf1 Re8 13. Ne3 Be4 14. Ng5 e6 15. Nxe4 Nxe4 16. Ng4 Qh4 17. Bc2 f5 18. Bxe4 fxe4 19. Kh2 Rf8 20. g3 Qe7 21. Kg2 Rf3 22. Bf4 g5 23. Be5 Raf8 24. Bxg7 Qxg7 25. Re3 h5 26. Nh2 Rxf2+ 27. Kg1 h4 28. Qc1 Qc7 29. Ng4 Rf1+ 30. Qxf1 Rxf1+ 31. Rxf1 hxg3 32. Nh6+ Kh8 33. Rf8+ 1-0